Départements de France - Statistiques

Statistiques générales
  • Ce quiz a été pris 91 fois
  • Le résultat moyen est 15 sur 16
Answers on the Grid
Answers color-coded by a green-red scale on the quiz's grid according to % correct below.
Somme
Bourges
Pontivy
Orne
Châteauroux
Marseille
Var
Abbéville
Chambéry
Pas de Calais
Seine St Denis
Gap
Hérault
Finistère
Dieppe
Lot et Garonne
Isère
Chevilly Larue
Indre
Grasse
Thionville
Manche
Vienne
Bouches du Rhône
Créteil
Rhône
Thonon les Bains
Val d'Oise
Drancy
Charente Maritime
 
Statistiques - réponses
Réponse % Correct
Somme
96%
Bouches du Rhône
95%
Finistère
95%
Pas de Calais
95%
Charente Maritime
93%
Isère
93%
Val d'Oise
93%
Var
93%
Hérault
92%
Lot et Garonne
92%
Manche
92%
Indre
91%
Rhône
91%
Orne
89%
Seine St Denis
87%
Vienne
82%
Aucun quiz correspondant
Distribution des résultats
% des personnes avec chaque résultat
Percentile par nombre de réponses
Votre historique - résultats
Vous n’avez pas pris ce quiz